| 000 | 01722 a2200265 4500 | ||
|---|---|---|---|
| 001 | 34981 | ||
| 005 | 20260407155635.0 | ||
| 008 | 260407a1990 arg spa d | ||
| 003 | AR-UNSa-BCEJYS | ||
| 040 |
_aAR-UNSa-BCEJYS _bspa _cAR-UNSa-BCEJYS |
||
| 080 |
_a004 _xCiencia y tecnología de los ordenadores. Informática |
||
| 245 | 1 | 0 |
_aInformática _ppresente y futuro |
| 020 | _a968-422-575-X | ||
| 250 | _a2a. ed. | ||
| 264 | 1 |
_aMéxico : _bMcGraw-Hill _c1990 |
|
| 300 |
_axxx, 887 p. _c25 cm. |
||
| 505 | _a1. Las computadoras en el mundo actual - 2. Cómo usar los programas de computadora - 3. Cómo adquirir programas para computadora - 4. Efecto de las computadoras sobre la sociedad - 5. Conceptos y componentes de los procesadores centrales - 6. Captura de datos - 7. Almacenamiento secundario y salida - 8. Cómo integrar las piezas: computadoras personales y sistemas más grandes - 9. Comunicación de datos: sistemas y redes - 10. Programas para manipular textos - 11. Programas para analizar datos - 12. Programas para almacenar y recuperar información - 13. Paquetes integrados - 14. Análisis y diseño de sistemas de información - 15. Preparación de programas: prácticas y lenguajes - 16. Sistemas de información gerencial: conceptos - 17. Sistemas de información gerencial: aspectos - 18. Análisis de programas: conceptos y ejemplos - 19. El basic básico - 20. Más sobre el basic | ||
| 041 | _aspa | ||
| 942 | _cBK | ||
| 590 | _aniveau_biblio:m niveau_hierar:0 | ||
| 100 | 1 | _aSanders, Donald H. | |
| 700 | 1 | _aEscalona, Roberto Luis | |
| 700 | 1 | _aTorfer Martell, Alberto | |
| 856 | 4 | 1 |
_uhttps://biblioeco.unsa.edu.ar/pmb/images/libros/informaticPresFut.jpg _yImagen de portada _qimage/jpeg |
| 999 |
_c2525 _d2525 |
||